| 000 | 00335nam a2200121Ia 4500 | ||
|---|---|---|---|
| 008 | 240624s9999 xx 000 0 und d | ||
| 041 | _aeng | ||
| 082 | _a650 ICF | ||
| 100 | _aICFAI CENTER FOR MANAGEMENT RESEARCH | ||
| 245 | _aTROUBLE IN THE MAGIC KINGDOM GOVERNANCE | ||
| 260 |
_c2004 _aHyderabad _bICFAI |
||
| 300 | _a13 : p. : cm. ; 30 | ||
| 999 |
_c11715 _d11715 |
||